000 00587nam a2200217Ia 4500
003 OSt
005 20220925215346.0
006 a|||||r|||| 00| 0
007 ta
008 220923b |||||||| |||| 00| 0 eng d
037 _cGeneral Book
040 _aRTL
_cRTL
_beng
041 _2eng
_aeng
082 _aX:77.7926.N60r, N3
245 0 _aReport on Jamaica 1960
260 _aLondon
_bHer Majesty's stationery office
_c1963
300 _aiv,447p
_ccm.
500 _aBib.: p466-477p
942 _hX:77.7926.N60r, N3
_cGB
_2CC
999 _c568596
_d568596